000
00263nam a22001217a 4500
003
SGT
082
_a
616.0757
_b
I10G
100
_a
GUPTA,R P
245
_a
INTERESTING X RAYS IN GENERAL SURGERY
260
_a
INDIA
_b
JAYPEE
_c
2010
300
_a
252
942
_2
ddc
_c
BK
999
_c
14317
_d
14317